000 00575nam a22001931a 4500
001 10769
003 OSt
005 20260204212212.0
008 100308s2003||||sp ||||||b||||||||||spa||
020 _a8475845118
050 _a610.73 F248c
100 _aFerrer, Virginia
245 _aLa complejidad de la enfermería: profesión gestión, formación / Virginia Ferrer, José Luís Medina y Caterina Lloret
264 _aEspaña : Laertes
300 _a193 p
650 _aEnfermería - Medicina
700 _aMedina, José Luís II.Lloret, CaterinaÌ
942 _2ddc
_cBK
999 _c10769
_d10769